[Event "New Zealand Championship"]
[Site "Palmerston North"]
[Date "2024.01.09"]
[Round "8.8"]
[White "Milligan, Helen"]
[Black "Liu, William Rui"]
[Result "1/2-1/2"]
[WhiteElo "1941"]
[BlackElo "1853"]

1. e4 c5 2. Nf3 g6 3. c4 Bg7 4. d4 cxd4 5. Nxd4 Nc6 6. Be3 Nf6 7. Nc3 d6 8. Be2
O-O 9. O-O Bd7 10. f3 Nxd4 11. Bxd4 Bc6 12. Qd2 a5 13. b3 Nd7 14. Rac1 Bxd4+
15. Qxd4 Qb6 16. Rfd1 Qxd4+ 17. Rxd4 Nc5 18. Bd1 Rfc8 19. Rd2 Kg7 20. Bc2 Ne6
21. Rcd1 Rc7 22. Bd3 Nc5 23. Bf1 Ne6 24. Kf2 Kf6 25. g3 g5 26. Ke3 Rg8 27. Bh3
Rg6 28. f4 Rh6 29. Bxe6 gxf4+ 30. gxf4 fxe6 31. Rg1 Rc8 32. Rg3 Rg6 33. Rdg2 b6
34. Ne2 b5 35. cxb5 Bxb5 36. Kd2 Bxe2 37. Rxe2 e5 38. f5 Rxg3 39. hxg3 e6 40.
fxe6 Kxe6 41. Rh2 Rh8 42. Rh6+ Kd7 43. Kd3 Kc6 44. Kc4 Rg8 45. Rxh7 Rg4 46. Rh4
d5+ 47. Kc3 Rxg3+ 48. Kc2 Rg2+ 49. Kd3 Rxa2 50. Rh6+ Kc5 51. exd5 Kxd5 52. Rh8
e4+ 53. Ke3 a4 54. bxa4 Ra3+ 55. Ke2 Rxa4 56. Rd8+ Ke5 57. Re8+ Kd5 58. Rd8+
Ke5 59. Re8+ 1/2-1/2

[Event "New Zealand Championship"]
[Site "Palmerston North"]
[Date "2024.01.09"]
[Round "8.9"]
[White "Lee, Miles"]
[Black "Zhang, Kendrick Botong"]
[Result "0-1"]
[WhiteElo "1968"]
[BlackElo "1815"]

1. e4 c5 2. Nf3 e6 3. d4 cxd4 4. Nxd4 Nf6 5. Nc3 Nc6 6. Ndb5 Bc5 7. Bf4 O-O 8.
Bc7 Qe7 9. Bd6 Bxd6 10. Qxd6 Qd8 11. a4 Ne8 12. Qg3 a6 13. Na3 f5 14. exf5 Rxf5
15. Be2 d5 16. O-O-O Rg5 17. Qh4 Rxg2 18. Qh3 Qg5+ 19. Kb1 e5 20. Qf3 Be6 21.
Nxd5 Nd4 22. Rxd4 exd4 23. Ne7+ Qxe7 24. Qxg2 Nf6 25. Rg1 Rb8 26. Qg5 Rd8 27.
Kc1 Nd5 28. Qe5 Qf6 29. Qxf6 Nxf6 30. Nc4 Ne4 31. f4 Nc5 32. f5 Bxf5 33. Ne5 g6
34. a5 Kg7 35. Bf3 Re8 36. Nc4 Re7 37. Nd6 Kf6 38. Nxf5 gxf5 39. Rg8 Ke5 40.
Rd8 Kf4 41. Bg2 Rg7 42. Rxd4+ Ke3 43. Rd2 Ne4 44. Rd3+ Ke2 45. Bf3+ Kf2 46. Bd1
Kg2 47. Rf3 Rf7 48. h4 f4 49. b4 Nf2 50. Be2 Nh3 51. Kd1 Ng1 52. Bc4 Rf6 53.
Bd5 Nxf3 54. Ke2 Kg3 55. Bxb7 Nd4+ 56. Kd3 f3 57. Bxf3 Nxf3 58. c4 Rd6+ 59. Kc3
Ne5 60. c5 Rd3+ 61. Kc2 Rd8 62. Kc3 Rb8 63. Kd4 Nc6+ 64. Kd5 Nxb4+ 65. Kd6 Rb5
66. c6 Nxc6 67. Kxc6 Rxa5 68. Kb6 Rb5+ 69. Kxa6 Rb1 70. h5 Kf4 71. h6 Ke5 0-1

[Event "New Zealand Championship"]
[Site "Palmerston North"]
[Date "2024.01.09"]
[Round "8.11"]
[White "McDougall, Euan"]
[Black "Praveen, Jeeva"]
[Result "1/2-1/2"]
[PlyCount "135"]
[SourceVersionDate "2024.01.15"]
[WhiteElo "1747"]
[BlackElo "1640"]

1. e4 Nf6 2. Nc3 d5 3. exd5 Nxd5 4. Bc4 Nb6 5. Bb3 Nc6 6. Nf3 Bf5 7. a4 a5 8.
O-O e6 9. Re1 Be7 10. Ne4 O-O 11. d4 Re8 12. c3 h6 13. Qe2 Nd5 14. h3 Qd7 15.
Kh1 Kh8 16. Bd2 Rad8 17. Rad1 Rg8 18. c4 Ndb4 19. Bc3 Qe8 20. Qe3 Kh7 21. Ng3
Nc2 22. Bxc2 Bxc2 23. Rd2 Bg6 24. d5 Nb4 25. dxe6 Rxd2 26. exf7 Qxf7 27. Bxd2
Bd6 28. Qc3 Nd3 29. Rf1 b6 30. Nh4 Be5 31. Qb3 Nc5 32. Qe3 Re8 33. Nxg6 Qxg6
34. b3 Bxg3 35. Qxg3 Qxg3 36. fxg3 Nxb3 37. Bf4 Re4 38. Rb1 Nc5 39. Bxc7 Nxa4
40. c5 Nxc5 41. Bxb6 Nb7 42. Bc7 Rb4 43. Re1 a4 44. Re7 Kg8 45. Be5 g5 46. Rg7+
Kf8 47. Rh7 Rb5 48. Bc3 Rb3 49. Bh8 Nd6 50. Ra7 a3 51. Bg7+ Kg8 52. Bxh6 Nf7
53. Ra8+ Kh7 54. Bf8 Rxg3 55. Bxa3 g4 56. Kh2 Rd3 57. hxg4 Ne5 58. Ra4 Nxg4+
59. Rxg4 Rxa3 60. Rg3 Ra4 61. Rf3 Kg6 62. Kg3 Kg5 63. Rb3 Rg4+ 64. Kf3 Rf4+ 65.
Ke2 Kg4 66. Rb8 Kg3 67. Rg8+ Rg4 68. Rf8 1/2-1/2

[Event "New Zealand Championship"]
[Site "Palmerston North"]
[Date "2024.01.09"]
[Round "8.12"]
[White "Wang, Justin Zhide"]
[Black "Ning, Isabelle Yixuan"]
[Result "0-1"]
[PlyCount "138"]
[EventDate "2024.??.??"]
[SourceVersionDate "2024.01.15"]
[WhiteElo "1667"]
[BlackElo "1958"]

1. e4 c5 2. Nc3 d6 3. f4 g6 4. Nf3 Bg7 5. Bb5+ Bd7 6. Bxd7+ Qxd7 7. d3 Nc6 8.
O-O e6 9. Be3 Nge7 10. d4 cxd4 11. Nxd4 O-O 12. Qd2 d5 13. Nxc6 bxc6 14. Bc5
Rfd8 15. Rad1 Qc7 16. e5 h5 17. Ne2 Nf5 18. Nd4 Nxd4 19. Qxd4 Bf8 20. Rd3 Bxc5
21. Qxc5 Qb6 22. Qxb6 axb6 23. a3 c5 24. Rfd1 b5 25. c3 Rdb8 26. Kf2 b4 27.
axb4 cxb4 28. R3d2 bxc3 29. bxc3 Rc8 30. Rc1 Rc4 31. Ke3 Ra3 32. Rdc2 Re4+ 33.
Kf3 g5 34. g3 gxf4 35. gxf4 Raa4 36. c4 Raxc4 37. Rg1+ Kf8 38. Rxc4 Rxc4 39.
Rg5 Rc3+ 40. Kg2 Rc2+ 41. Kg3 h4+ 42. Kxh4 Rxh2+ 43. Kg3 Ra2 44. Kf3 Ke7 45.
Rg1 Kd7 46. Rc1 Ra3+ 47. Kf2 Ra4 48. Ke3 Re4+ 49. Kf3 Rc4 50. Ra1 Rc7 51. Ra6
Ke7 52. f5 Rd7 53. f6+ Kd8 54. Ke3 Kc7 55. Kd4 Kb7 56. Ra1 Rc7 57. Rb1+ Kc8 58.
Rb4 Rc1 59. Ra4 Kb7 60. Rb4+ Kc7 61. Ra4 Rc4+ 62. Rxc4+ dxc4 63. Kc3 Kb6 64.
Kxc4 Kc6 65. Kd4 Kb5 66. Ke3 Kc5 67. Ke4 Kc4 68. Kf4 Kd4 69. Kg5 Kxe5 0-1

[Event "New Zealand Championship"]
[Site "Palmerston North"]
[Date "2024.01.09"]
[Round "8.13"]
[White "Thurner, Anya"]
[Black "Archer, Ollie"]
[Result "0-1"]
[PlyCount "78"]
[SourceVersionDate "2024.01.15"]
[WhiteElo "1648"]
[BlackElo "2024"]

1. e4 c6 2. d4 d5 3. Nc3 dxe4 4. Nxe4 Nf6 5. Nxf6+ exf6 6. c3 Bd6 7. Bd3 O-O 8.
Qc2 Re8+ 9. Ne2 h5 10. O-O h4 11. h3 Nd7 12. Be3 Nf8 13. Rad1 Bd7 14. Rfe1 Rc8
15. b3 Bb8 16. Qc1 g5 17. Kf1 Ne6 18. Bf5 Ng7 19. Bxd7 Qxd7 20. Ng1 Nh5 21. Qc2
Bf4 22. Bxf4 Nxf4 23. Rxe8+ Rxe8 24. c4 b5 25. Qc3 Qf5 26. Qd2 Kg7 27. d5 cxd5
28. cxd5 Rc8 29. Qe1 Rc2 30. Qe3 Nxd5 31. Qf3 Qxf3 32. Nxf3 Nc3 33. Nd4 Rxa2
34. Rc1 b4 35. Nc6 a5 36. Nd4 Ne4 37. Nf5+ Kg6 38. Ne7+ Kh7 39. Nc6 Nd2+ 0-1

[Event "New Zealand Championship"]
[Site "Palmerston North"]
[Date "2024.01.09"]
[Round "8.14"]
[White "Young, Cohen"]
[Black "McDonald, Duncan"]
[Result "1-0"]
[PlyCount "71"]
[SourceVersionDate "2024.01.15"]
[WhiteElo "1829"]
[BlackElo "1657"]

1. e4 c5 2. Nf3 Nc6 3. d4 cxd4 4. Nxd4 g6 5. c4 Nf6 6. Nc3 Nxd4 7. Qxd4 d6 8.
Be2 Bg7 9. Bg5 O-O 10. Qe3 Be6 11. O-O Qb6 12. Qd2 Rfc8 13. b3 Qa5 14. Rac1
Rab8 15. f4 d5 16. Bxf6 Bxf6 17. e5 Bg7 18. cxd5 Rd8 19. Bf3 Bxd5 20. Bxd5 e6
21. Rfd1 Bf8 22. Ne4 Qxd2 23. Rxd2 exd5 24. Nf6+ Kg7 25. Nxd5 Rd7 26. Rc7 Rbd8
27. Rxd7 Rxd7 28. Kf2 Bb4 29. Rd3 Bc5+ 30. Kf3 a5 31. g4 h6 32. Ke4 f6 33. f5
gxf5+ 34. gxf5 a4 35. b4 Bf2 36. Rd2 1-0

[Event "New Zealand Championship"]
[Site "Palmerston North"]
[Date "2024.01.09"]
[Round "8.16"]
[White "Ker, Anthony F"]
[Black "Metge, J Nigel"]
[Result "1-0"]
[PlyCount "51"]
[SourceVersionDate "2024.01.15"]
[WhiteElo "2249"]
[BlackElo "1787"]

1. e4 c6 2. Nf3 d5 3. exd5 cxd5 4. Ne5 Nc6 5. d4 Nf6 6. Bb5 Bd7 7. Nxd7 Qxd7 8.
c3 e6 9. O-O Bd6 10. Nd2 Qc7 11. Nf3 h5 12. Qe2 Ng4 13. h3 O-O-O 14. Bxc6 bxc6
15. b4 Rde8 16. Qa6+ Kd8 17. c4 Nh2 18. Nxh2 Bxh2+ 19. Kh1 h4 20. b5 cxb5 21.
Bd2 Qb8 22. Rab1 Bc7 23. Rxb5 Qc8 24. Qxa7 Qd7 25. Rb7 Qd6 26. Rxc7 1-0

[Event "New Zealand Championship"]
[Site "Palmerston North"]
[Date "2024.01.09"]
[Round "8.17"]
[White "Langford, Joshua"]
[Black "Timergazi, Layla"]
[Result "0-1"]
[PlyCount "52"]
[SourceVersionDate "2024.01.15"]
[WhiteElo "1869"]
[BlackElo "1995"]

1. e4 c6 2. d4 d5 3. e5 Bf5 4. h4 h5 5. Bd3 Bxd3 6. Qxd3 e6 7. Nf3 Qb6 8. Nbd2
c5 9. c4 Nc6 10. cxd5 Nb4 11. Qb1 Qa6 12. dxe6 Nd3+ 13. Kd1 Nxf2+ 14. Ke1 Nd3+
15. Kd1 O-O-O 16. exf7 Nh6 17. Rf1 Ng4 18. Ne4 Nxc1 19. Qxc1 Qxf1+ 20. Kc2 Qe2+
21. Ned2 Ne3+ 22. Kb3 Qd3+ 23. Qc3 Qb5+ 24. Ka3 Nc2+ 25. Qxc2 c4+ 26. b4 Qxb4#
0-1

[Event "New Zealand Championship"]
[Site "Palmerston North"]
[Date "2024.01.09"]
[Round "8.18"]
[White "Gan, Emily Cathay"]
[Black "Forster, William"]
[Result "1/2-1/2"]
[PlyCount "48"]
[SourceVersionDate "2024.01.15"]
[WhiteElo "1570"]
[BlackElo "1790"]

1. c4 g6 2. Nc3 Bg7 3. d4 Nf6 4. Nf3 d6 5. h3 O-O 6. Bf4 c5 7. e3 Nbd7 8. Be2
Re8 9. O-O b6 10. Qd2 Bb7 11. d5 h6 12. e4 Kh7 13. Bh2 e5 14. Ne1 Qe7 15. Bd3
Rf8 16. f4 exf4 17. Bxf4 Ne5 18. Be2 Nfd7 19. Nf3 Rae8 20. Rae1 Ba6 21. b3
Nxf3+ 22. Bxf3 Ne5 23. Be2 Bc8 24. Nd1 Bd7 1/2-1/2

[Event "New Zealand Championship"]
[Site "Palmerston North"]
[Date "2024.01.09"]
[Round "8.19"]
[White "van der Hoorn, Thomas"]
[Black "Xu, Luna Yuexiu"]
[Result "1-0"]
[PlyCount "119"]
[SourceVersionDate "2024.01.15"]
[WhiteElo "1882"]
[BlackElo "1407"]

1. e4 c5 2. Nf3 d6 3. d4 cxd4 4. Nxd4 Nf6 5. Nc3 a6 6. f3 e5 7. Nb3 Be6 8. Be3
Be7 9. Qd2 Nbd7 10. O-O-O O-O 11. g4 b5 12. g5 b4 13. Ne2 Ne8 14. f4 a5 15. f5
a4 16. fxe6 axb3 17. cxb3 fxe6 18. Bh3 Rxa2 19. Bxe6+ Kh8 20. Ng3 Nc7 21. Bc4
Nc5 22. Bxc5 dxc5 23. Qxd8 Rxd8 24. Rxd8+ Bxd8 25. Kb1 Ra8 26. h4 Be7 27. Nf5
Bf8 28. h5 h6 29. gxh6 gxh6 30. Rg1 Rb8 31. Rg6 Nb5 32. Nxh6 Bxh6 33. Rxh6+ Kg7
34. Rg6+ Kh7 35. Bxb5 Rxb5 36. Re6 Rb7 37. Rxe5 Rf7 38. Rxc5 Re7 39. Rc4 Rb7
40. Kc2 Rb5 41. Rd4 Rc5+ 42. Kd3 Rxh5 43. Rxb4 Rh3+ 44. Kc4 Kg7 45. Rb8 Kf6 46.
b4 Re3 47. b5 Rxe4+ 48. Kd3 Re6 49. b6 Ke5 50. Kc4 Ke4 51. b4 Ke3 52. b5 Re4+
53. Kc5 Re5+ 54. Kb4 Re7 55. b7 Kd2 56. Rd8+ Ke3 57. b8=R Ra7 58. Kb3 Kf4 59.
Rdc8 Ra1 60. Rc4+ 1-0

[Event "New Zealand Championship"]
[Site "Palmerston North"]
[Date "2024.01.09"]
[Round "8.20"]
[White "Braganza, Nadia"]
[Black "Wang, Aaron Ziwen"]
[Result "1/2-1/2"]
[PlyCount "101"]
[SourceVersionDate "2024.01.15"]
[WhiteElo "1808"]
[BlackElo "1669"]

1. c4 e5 2. Nc3 Nf6 3. g3 d5 4. cxd5 Nxd5 5. Bg2 Be6 6. Nf3 Nc6 7. O-O Be7 8.
d4 Nxc3 9. bxc3 exd4 10. cxd4 Bd5 11. Bb2 O-O 12. Bc3 Bf6 13. e3 Ne7 14. Re1
Be4 15. Nd2 Bxg2 16. Kxg2 c5 17. Ne4 Nd5 18. Nxf6+ Qxf6 19. Bb2 c4 20. Qf3
Qxf3+ 21. Kxf3 b5 22. e4 Nb4 23. Ba3 Nc2 24. Bxf8 Kxf8 25. d5 Ke7 26. e5 f6 27.
exf6+ Kd6 28. fxg7 Nxa1 29. Rxa1 Kxd5 30. Rd1+ Kc5 31. Rd7 a5 32. Rf7 Rg8 33.
a3 b4 34. axb4+ axb4 35. Ke2 b3 36. Kd2 Kb4 37. Rb7+ Ka3 38. Kc3 Ka2 39. Kxc4
b2 40. Ra7+ Kb1 41. Kd5 Kc1 42. Rc7+ Kd1 43. Rb7 Kc1 44. Ke6 Rxg7 45. Rxb2 Kxb2
46. f4 Rg6+ 47. Ke7 Rh6 48. f5 Rxh2 49. f6 Re2+ 50. Kd7 Rd2+ 51. Ke7 1/2-1/2

[Event "New Zealand Championship"]
[Site "Palmerston North"]
[Date "2024.01.09"]
[Round "8.21"]
[White "Zhu, David Junyang"]
[Black "Sun, Wanyao Sarah"]
[Result "0-1"]
[PlyCount "52"]
[SourceVersionDate "2024.01.15"]
[WhiteElo "1721"]
[BlackElo "1614"]

1. d4 Nf6 2. c4 e6 3. g3 d5 4. Nf3 Be7 5. Bg2 O-O 6. O-O dxc4 7. Ne5 Nc6 8.
Nxc6 bxc6 9. Bxc6 Rb8 10. Bg2 Ba6 11. Nc3 Nd5 12. e4 Nb4 13. d5 exd5 14. exd5
Nd3 15. Qc2 Re8 16. Rd1 Bc5 17. Rf1 Bd4 18. Rb1 Ne1 19. Qd2 Bxc3 20. Qxc3 Nxg2
21. Kxg2 Qxd5+ 22. Kg1 Bb7 23. f3 Qc5+ 24. Kh1 Re2 25. b4 Qh5 26. h4 Qf5 0-1

[Event "New Zealand Championship"]
[Site "Palmerston North"]
[Date "2024.01.09"]
[Round "8.22"]
[White "Malcolm, Leo"]
[Black "Burns, Christopher J"]
[Result "1-0"]
[PlyCount "91"]
[SourceVersionDate "2024.01.15"]
[WhiteElo "1688"]
[BlackElo "1926"]

1. e4 e5 2. Nf3 Nc6 3. Bc4 Nf6 4. d4 exd4 5. O-O Nxe4 6. Re1 d5 7. Bxd5 Qxd5 8.
Nc3 Qd7 9. Rxe4+ Be7 10. Nxd4 f5 11. Rf4 O-O 12. Nxc6 Qxc6 13. Qd5+ Qxd5 14.
Nxd5 Bd6 15. Rd4 Be6 16. Bf4 Rfd8 17. Rad1 Bxf4 18. Nxf4 Rxd4 19. Rxd4 Bxa2 20.
Rd7 Rc8 21. b3 Bb1 22. Rd2 c5 23. Nd5 Rd8 24. Nf6+ gxf6 25. Rxd8+ Kf7 26. Rd2
b5 27. Rd5 Bxc2 28. Rxc5 Bxb3 29. Rxb5 Bc2 30. Ra5 Kg6 31. f3 Bd3 32. Rxa7 h5
33. Ra4 Kg5 34. h4+ Kg6 35. Kf2 Bb5 36. Rb4 Bd7 37. Rb7 Bc8 38. Rc7 Be6 39. Ke3
Ba2 40. f4 Bd5 41. g3 Be4 42. Kd4 Bb1 43. Kc5 Ba2 44. Kd6 Bf7 45. Rxf7 Kxf7 46.
Kd7 1-0

[Event "New Zealand Championship"]
[Site "Palmerston North"]
[Date "2024.01.09"]
[Round "8.23"]
[White "Baker, Ilias Angelo (Leo)"]
[Black "Weng, Winston"]
[Result "1/2-1/2"]
[PlyCount "46"]
[SourceVersionDate "2024.01.15"]
[WhiteElo "1649"]
[BlackElo "1738"]

1. e4 c5 2. Nf3 e6 3. d4 cxd4 4. Nxd4 Nc6 5. Nc3 Qc7 6. Be3 a6 7. Qf3 Nf6 8.
O-O-O b5 9. Bxb5 Ne5 10. Qg3 axb5 11. Ndxb5 Qb8 12. Bf4 d6 13. Rxd6 Nh5 14. Qg5
Bxd6 15. Nxd6+ Qxd6 16. Bxe5 Ra5 17. Nd5 Qd7 18. Qxh5 exd5 19. Bxg7 Rg8 20.
Qxh7 Rxg7 21. Qxg7 Rxa2 22. Qg8+ Ke7 23. Qg5+ Ke8 1/2-1/2

[Event "New Zealand Championship"]
[Site "Palmerston North"]
[Date "2024.01.09"]
[Round "8.24"]
[White "Ng, Lok Jim (Lauren)"]
[Black "Yu, Weiyang (Cadence)"]
[Result "0-1"]
[PlyCount "92"]
[SourceVersionDate "2024.01.15"]
[WhiteElo "1348"]
[BlackElo "1551"]

1. d4 Nf6 2. c4 e6 3. Nc3 Bb4 4. Qc2 d5 5. e3 O-O 6. Bd3 c5 7. dxc5 Nc6 8. Nge2
Ne5 9. cxd5 Nxd5 10. Bxh7+ Kh8 11. Be4 Bxc3+ 12. Nxc3 Nb4 13. Qe2 Nbd3+ 14. Kf1
f5 15. Bxd3 Nxd3 16. b3 b6 17. cxb6 Ba6 18. Kg1 Qh4 19. h3 axb6 20. a4 Nxc1 21.
Qc2 Nd3 22. Rd1 Rad8 23. g3 Qg5 24. Kh2 Ne5 25. f4 Nf3+ 26. Kg2 Qh5 27. g4 Nh4+
28. Kg3 Qh6 29. Nb5 Bxb5 30. axb5 e5 31. g5 Qh5 32. Rxd8 Rxd8 33. Rf1 Ng6 34.
Qxf5 Qh4+ 35. Kf3 exf4 36. exf4 Rf8 37. Qxg6 Qxf4+ 38. Ke2 Qxf1+ 39. Ke3 Qf2+
40. Ke4 Qf3+ 41. Ke5 Qe3+ 42. Kd5 Rd8+ 43. Kc6 Qc5+ 44. Kb7 Qd5+ 45. Kc7 Rd7+
46. Kc8 Qb7# 0-1

[Event "New Zealand Championship"]
[Site "Palmerston North"]
[Date "2024.01.10"]
[Round "9.1"]
[White "Middelburg, Tom"]
[Black "Renjith, Sravan"]
[Result "1/2-1/2"]
[WhiteElo "2358"]
[BlackElo "2257"]

1. d4 d5 2. c4 e6 3. Nf3 c5 4. cxd5 exd5 5. g3 Nf6 6. Bg2 Nc6 7. O-O Be7 8. Nc3
O-O 9. dxc5 Bxc5 10. a3 a5 11. Bg5 d4 12. Bxf6 Qxf6 13. Ne4 Qe7 14. Nxc5 Qxc5
15. Rc1 Qb6 16. Qc2 h6 17. Ne1 Re8 18. Nd3 Bf5 19. Qc5 Qxc5 20. Rxc5 Be4 21.
Bxe4 Rxe4 22. Rc2 Rae8 23. Re1 Ne5 24. Nxe5 R8xe5 25. Rd2 Rb5 26. Rc1 Re6 27.
Kf1 Reb6 28. Rc8+ Kh7 29. Ra8 Rxb2 30. Rxb2 Rxb2 31. Rxa5 Rb1+ 32. Kg2 Rb3 33.
Ra4 1/2-1/2

[Event "New Zealand Championship"]
[Site "Palmerston North"]
[Date "2024.01.10"]
[Round "9.2"]
[White "Dive, Russell J"]
[Black "Hague, Ben"]
[Result "1-0"]
[WhiteElo "2194"]
[BlackElo "2337"]

1. Nf3 d5 2. g3 Nc6 3. d4 Bf5 4. Bg2 Nb4 5. Na3 Nf6 6. O-O e6 7. Nh4 Bg4 8. h3
Bh5 9. c4 Be7 10. cxd5 Nbxd5 11. Nc4 O-O 12. g4 Nd7 13. Nf3 Bg6 14. Nfe5 Nxe5
15. Nxe5 c5 16. e4 Nb6 17. Be3 cxd4 18. Bxd4 f6 19. Nxg6 hxg6 20. e5 Nd5 21.
exf6 gxf6 22. Qf3 Qd6 23. Rad1 Rac8 24. Rfe1 Rc6 25. Qb3 Kg7 26. g5 Bd8 27.
Qxb7+ Rf7 28. gxf6+ Bxf6 29. Bxf6+ Kxf6 30. Qb3 Rb6 31. Qd3 Qf4 32. Re4 Qc7 33.
Qd4+ 1-0

[Event "New Zealand Championship"]
[Site "Palmerston North"]
[Date "2024.01.10"]
[Round "9.3"]
[White "Croad, Nicolas"]
[Black "Steele, Hayden"]
[Result "1-0"]
[WhiteElo "2171"]
[BlackElo "1493"]

1. Nf3 Nf6 2. c4 g6 3. Nc3 d5 4. Qa4+ Bd7 5. Qb3 dxc4 6. Qxc4 Nc6 7. d4 Bg7 8.
e4 e5 9. d5 Na5 10. Qb4 c5 11. Qxc5 Rc8 12. Qd6 Ng4 13. Bb5 Rc7 14. Bg5 f6 15.
Qe6+ Kf8 16. Bxd7 Qxd7 17. Qxd7 Rxd7 18. h3 Nh6 19. Be3 a6 20. Nd2 b5 21. a4
Nc4 22. Bc5+ Kf7 23. axb5 Nxb2 24. Ke2 Rc7 25. Bb4 Bf8 26. d6 Bxd6 27. Bxd6
Rxc3 28. bxa6 Ra8 29. Bb4 Rcc8 30. Rhb1 Nc4 31. Nxc4 Rxc4 32. Bd2 Ng8 33. Rb7+
Ke6 34. a7 Ne7 35. Rb8 Rc8 36. Ra6+ Kf7 37. Rb7 Rc4 38. Bb4 Rxe4+ 39. Kf1 1-0

[Event "New Zealand Championship"]
[Site "Palmerston North"]
[Date "2024.01.10"]
[Round "9.4"]
[White "Steadman, Michael V R"]
[Black "Gong, Daniel Hanwen"]
[Result "1/2-1/2"]
[WhiteElo "2072"]
[BlackElo "2319"]

1. e4 e5 2. Nf3 Nc6 3. d3 Nf6 4. Nbd2 g6 5. c3 Bg7 6. b4 a6 7. Qc2 O-O 8. Bb2
d5 9. a3 b6 10. Be2 Bb7 11. O-O Qd7 12. Rfe1 Rfe8 13. Bf1 dxe4 14. dxe4 Rad8
15. a4 a5 16. b5 Na7 17. Nc4 Nh5 18. Ba3 Qc8 19. Qb3 h6 20. Ncd2 Nf4 21. h3 Bf8
22. Bc4 Qd7 23. Bxf8 Kxf8 24. Rad1 Qe7 25. Kh2 f6 26. Qc2 Bc8 27. Bf1 Ne6 28.
Nc4 Nc5 29. Ne3 Be6 30. Bc4 Bxc4 31. Nxc4 Nc8 32. Ne3 Nd6 33. Nd5 Qf7 34. c4
Ndb7 35. Re3 g5 36. Nd2 Ne6 37. Nb3 Nec5 38. Nd2 Ne6 1/2-1/2

[Event "New Zealand Championship"]
[Site "Palmerston North"]
[Date "2024.01.10"]
[Round "9.5"]
[White "Carpinter, Anthony L"]
[Black "Smith, Robert W"]
[Result "1/2-1/2"]
[WhiteElo "2080"]
[BlackElo "2152"]

1. Nf3 Nf6 2. e3 g6 3. b4 Bg7 4. Bb2 d6 5. d4 O-O 6. c4 a5 7. b5 Nbd7 8. Be2 e5
9. dxe5 Ng4 10. h3 Ngxe5 11. Nd4 Nc5 12. Nc3 Be6 13. Nxe6 fxe6 14. O-O Qh4 15.
f4 Ned7 16. Qe1 Qe7 17. Qd2 a4 18. Rad1 a3 19. Ba1 Na4 20. Qc2 Nxc3 21. Bxc3
Bxc3 22. Qxc3 Qg7 23. Qd4 Ra4 24. Rb1 Qxd4 25. exd4 Nb6 26. c5 Nd5 27. Bg4 Rxd4
28. Bxe6+ Kg7 29. cxd6 cxd6 30. Bxd5 Rxd5 31. Rf3 Rd2 32. Rxa3 Rxf4 33. Ra7
Rff2 34. Rxb7+ Kh6 35. Ra7 Rxg2+ 36. Kh1 Rh2+ 37. Kg1 Rdg2+ 38. Kf1 Rxa2 39.
Rxa2 Rxa2 40. b6 Ra8 41. Ke2 Kg5 42. Kd3 Kf6 43. Kc4 Ke6 44. Kb5 d5 45. Kc6 d4
46. b7 Rb8 47. Rb5 h6 48. Kc7 Rg8 49. b8=Q Rxb8 50. Kxb8 d3 51. Kc7 d2 52. Rb1
g5 53. Rd1 h5 54. Rxd2 Ke5 55. Rf2 g4 56. h4 Ke4 57. Rf6 g3 58. Rg6 Kf3 59. Rg5
g2 1/2-1/2

[Event "New Zealand Championship"]
[Site "Palmerston North"]
[Date "2024.01.10"]
[Round "9.6"]
[White "Lu, Xiahan (Luna)"]
[Black "Fulo, Nunilon III"]
[Result "0-1"]
[WhiteElo "1471"]
[BlackElo "2002"]

1. d4 Nf6 2. c4 e6 3. Nf3 d5 4. Nc3 c6 5. Bg5 Nbd7 6. e3 Bb4 7. a3 Bxc3+ 8.
bxc3 Qa5 9. Qb3 Ne4 10. Qb4 Qxb4 11. cxb4 Nxg5 12. Nxg5 a5 13. b5 c5 14. cxd5
exd5 15. dxc5 Nxc5 16. Rd1 Be6 17. Be2 O-O 18. O-O Rac8 19. Bf3 Rfd8 20. Rc1
Nd3 21. Rxc8 Rxc8 22. e4 d4 23. e5 b6 24. Be4 Nxe5 25. Bxh7+ Kf8 26. Be4 Rc3
27. a4 Bb3 28. f4 Nc4 29. Nf3 d3 30. Nd4 Nd2 31. Nxb3 Nxf1 32. Kxf1 Rxb3 33.
Ke1 Ra3 34. Kd2 Rxa4 35. Bxd3 Rxf4 36. Kc3 Ke7 37. h3 g5 38. Be2 Kd6 39. Kb3
Kc5 40. g4 Rf2 41. Bd3 Rf3 42. Kc2 Rxh3 43. Be2 Rh2 44. Kd2 a4 45. Kd1 a3 0-1

[Event "New Zealand Championship"]
[Site "Palmerston North"]
[Date "2024.01.10"]
[Round "9.7"]
[White "Zhang, Kendrick Botong"]
[Black "Young, Cohen"]
[Result "1/2-1/2"]
[WhiteElo "1815"]
[BlackElo "1829"]

1. e4 c5 2. Nf3 d6 3. d4 cxd4 4. Nxd4 Nf6 5. Nc3 Nc6 6. f3 e5 7. Nb3 Be6 8. Be3
d5 9. exd5 Nxd5 10. Nxd5 Qxd5 11. Qxd5 Bxd5 12. O-O-O O-O-O 13. c4 Be6 14.
Rxd8+ Kxd8 15. Nc5 Bxc5 16. Bxc5 Kc7 17. Be2 Rd8 18. b3 Nd4 19. Bd1 b6 20. Ba3
Bf5 21. Re1 f6 22. Bb2 Rd7 23. g4 Bg6 24. Bxd4 1/2-1/2

[Event "New Zealand Championship"]
[Site "Palmerston North"]
[Date "2024.01.10"]
[Round "9.8"]
[White "Liu, William Rui"]
[Black "Cilia Vincenti, David"]
[Result "1/2-1/2"]
[WhiteElo "1853"]
[BlackElo "1945"]

1. e4 e5 2. Nf3 Nc6 3. Bb5 a6 4. Ba4 Nf6 5. O-O Nxe4 6. d4 b5 7. Bb3 d5 8. dxe5
Be6 9. Nbd2 Bc5 10. Qe2 Bf5 11. Nxe4 Bxe4 12. Be3 Bxe3 13. Qxe3 O-O 14. Rad1
Re8 15. Ng5 Rxe5 16. Nxe4 Rxe4 17. Qc5 Ne7 18. Bxd5 Nxd5 19. Rxd5 Qe7 20. Qc6
Re8 21. Rd7 Qe5 22. Qd5 Qxd5 23. Rxd5 Re2 24. Rc5 R8e7 25. g3 Rd2 26. Rc6 g5
27. b4 Kg7 28. Kg2 h5 29. h3 g4 30. hxg4 hxg4 31. Kg1 f6 32. Rc5 Kg6 33. a3
Ree2 34. c4 Rd3 35. cxb5 axb5 36. Rxb5 Rxa3 37. Rc5 Rb3 38. Rxc7 Rxb4 39. Rc5
f5 40. Rd1 Rbe4 41. Rdd5 f4 42. Rg5+ Kh6 43. Rh5+ Kg6 44. Rhg5+ Kh6 45. Rh5+
Kg6 46. Rhg5+ 1/2-1/2

[Event "New Zealand Championship"]
[Site "Palmerston North"]
[Date "2024.01.10"]
[Round "9.9"]
[White "Ning, Isabelle Yixuan"]
[Black "Milligan, Helen"]
[Result "1/2-1/2"]
[WhiteElo "1958"]
[BlackElo "1941"]

1. d4 Nf6 2. c4 g6 3. Nc3 Bg7 4. e4 d6 5. h3 O-O 6. Be3 e5 7. d5 Na6 8. g4 Nc5
9. f3 a5 10. Qd2 c6 11. Nge2 a4 12. Ng3 h5 13. Bg5 h4 14. Bxh4 Nfxe4 15. Bxd8
Nxd2 16. Be7 Nxf3+ 17. Kf2 a3 18. Bxf8 axb2 19. Rb1 Kxf8 20. Nge4 Ra3 21. Rxb2
f5 22. Nxc5 Rxc3 23. Rb3 e4 24. Rxc3 Bxc3 25. Nb3 c5 26. gxf5 Bxf5 27. Be2 Nd4
28. Bg4 Kf7 29. Ke3 Nc2+ 30. Ke2 Nd4+ 31. Ke3 Nc2+ 32. Ke2 Nd4+ 33. Ke3 1/2-1/2

[Event "New Zealand Championship"]
[Site "Palmerston North"]
[Date "2024.01.10"]
[Round "9.10"]
[White "Archer, Ollie"]
[Black "McDougall, Euan"]
[Result "1-0"]
[WhiteElo "2024"]
[BlackElo "1747"]

1. d4 Nf6 2. c4 e6 3. Nf3 b6 4. a3 a5 5. g3 Bb7 6. Bg2 Be7 7. Nc3 c6 8. e4 d5
9. e5 Nfd7 10. O-O dxc4 11. Nd2 Ba6 12. Qg4 g6 13. Nde4 h5 14. Qf3 h4 15. Bg5
hxg3 16. Nd6+ Bxd6 17. Bxd8 gxh2+ 18. Kh1 Kxd8 19. exd6 f5 20. Rae1 Nf8 21. Qg3
Ra7 22. Qg5+ Kc8 23. d5 Rh5 24. Qe7 Nfd7 25. dxc6 Nxc6 26. Bxc6 Rh8 27. Rxe6
Rd8 28. Qxd8+ Kxd8 29. Rfe1 Nf6 30. Re8+ Nxe8 31. Rxe8# 1-0